Statistics for Cities With One Million People by Letter - L

Click here to take the quiz!

General Stats

  • This quiz has been taken 300 times
  • The average score is 18 of 26

Answer Stats

City % Correct
Lisbon
100%
Los Angeles
100%
Lima
99%
London
98%
Las Vegas
95%
Lyon
94%
Luanda
93%
La Paz
93%
Liverpool
91%
Leeds
90%
Lahore
88%
Lagos
86%
Lusaka
85%
Lilongwe
80%
Lomé
75%
Lille
70%
Louisville
68%
Lucknow
64%
Lubumbashi
42%
Lanzhou
37%
León
36%
Ludhiana
17%
Luoyang
17%
Liuzhou
15%
Linyi
12%
Lianyungang
8%

Score Distribution

Percentile by Number Answered

Percent of People with Each Score

Your Score History

You have not taken this quiz